00383nam a2200133 a 450000500170000000800410001702000150005805000180007310000140009124500600010526000450016530000070021065000320021720140414132013.0140311s19uu xx 00 eng d a1865039802 aTRbCa28 2003 aDr. Seuss aCat in the hat (The) and the other stories jigsaw book. aAustralia :bThe Five Mile Press,c2003. a10 aChildtren stories-xfiction